000 00264nam a2200109 4500
008 160625b xxu||||| |||| 00| 0 eng d
100 _91145
_a Greer, V
245 _aEmergency
260 _aN.Y
_b Christian Herald House
_c1977
300 _aEmergency
942 _2ddc
_cBK
999 _c926
_d926